Flat panel display technical and marketing forecast seminar
Saved in:
| Format: | Book |
|---|---|
| Language: | Undetermined |
| Published: |
Tokyo
SEMI
1991
|
| Subjects: | |
| Tags: |
Add Tag
No Tags, Be the first to tag this record!
|
| Institutions: | Trung tâm Học liệu Trường Đại học Cần Thơ |
|---|
| LEADER | 00459nam a2200157Ia 4500 | ||
|---|---|---|---|
| 001 | CTU_98239 | ||
| 008 | 210402s9999 xx 000 0 und d | ||
| 082 | |a 621.3815 | ||
| 082 | |b F586 | ||
| 245 | 0 | |a Flat panel display technical and marketing forecast seminar | |
| 260 | |a Tokyo | ||
| 260 | |b SEMI | ||
| 260 | |c 1991 | ||
| 650 | |a Liquid crystal displays,Information display systems | ||
| 904 | |i Truc | ||
| 980 | |a Trung tâm Học liệu Trường Đại học Cần Thơ | ||